000 00737nam a2200229Ia 4500
005 20250425162843.0
008 250425s9999 xx 000 0 und d
020 _a9780000989109
082 _a621.382
_pGYA
100 _aGyasi-Agyei, Amoakoh
245 0 _aTelecommunications engineering : principles and practice
_cAmoakoh Gyasi-Agyei
250 _aFirst edition
260 _aSingapore
_bWorld Scientific
_c2020
300 _a735 páginas
_bilustraciones
_c28 cm.
504 _aIncludes bibliographical references and index
650 _aSistemas de Telecomunicaciones
650 _aTelecommunication systems
650 _aTelecommunication--Textbooks
902 _aMonográfico
_cImpreso
942 _c01
010 _a113757
999 _c237775
_d237775